[Event "Ch France 2018 - Accession"]
[Site "?"]
[Date "2018.08.21"]
[Round "4.2"]
[White "Mullon, Jean-Baptiste"]
[Black "Bailet, Pierre"]
[Result "1/2-1/2"]
[BlackElo "2496"]
[WhiteElo "2356"]
[LiveChessVersion "1.4.4"]

1. e4 {[%clk 1:30:39]} c6 {[%clk 1:30:28]} 2. Nc3 {[%clk 1:29:18]} d5
{[%clk 1:30:21]} 3. Nf3 {[%clk 1:29:33]} g6 {[%clk 1:29:39]} 4. d4
{[%clk 1:24:49]} Bg7 {[%clk 1:29:36]} 5. h3 {[%clk 1:24:58]} Nf6 {[%clk 1:28:00]}
6. exd5 {[%clk 1:17:29]} cxd5 {[%clk 1:27:47]} 7. Bd3 {[%clk 1:17:56]} Nc6
{[%clk 1:25:48]} 8. a3 {[%clk 1:16:20]} Bf5 {[%clk 1:15:58]} 9. Bxf5
{[%clk 1:11:54]} gxf5 {[%clk 1:16:20]} 10. Qd3 {[%clk 1:12:20]} Ne4
{[%clk 1:12:44]} 11. g4 {[%clk 1:09:40]} Nxc3 {[%clk 1:04:44]} 12. bxc3
{[%clk 1:06:03]} fxg4 {[%clk 1:04:36]} 13. hxg4 {[%clk 1:03:34]} Qd7
{[%clk 1:03:41]} 14. g5 {[%clk 0:58:29]} e5 {[%clk 0:57:59]} 15. dxe5
{[%clk 0:58:39]} Nxe5 {[%clk 0:58:07]} 16. Nxe5 {[%clk 0:58:58]} Bxe5
{[%clk 0:58:32]} 17. Be3 {[%clk 0:57:43]} Qc6 {[%clk 0:53:23]} 18. Bd4
{[%clk 0:56:36]} Bxd4 {[%clk 0:52:36]} 19. cxd4 {[%clk 0:56:27]} O-O-O
{[%clk 0:52:30]} 20. Rh6 {[%clk 0:54:08]} Rd6 {[%clk 0:37:36]} 21. Rxd6
{[%clk 0:50:26]} Qxd6 {[%clk 0:36:33]} 22. Qf5+ {[%clk 0:50:51]} Qd7
{[%clk 0:31:19]} 23. Qxd7+ {[%clk 0:50:15]} Kxd7 {[%clk 0:31:42]} 24. Kd2
{[%clk 0:50:42]} h5 {[%clk 0:27:08]} 25. gxh6 {[%clk 0:50:11]} Rxh6
{[%clk 0:27:16]} 26. Rb1 {[%clk 0:47:23]} Kc6 {[%clk 0:24:27]} 27. Rb3
{[%clk 0:47:36]} Rh4 {[%clk 0:24:11]} 28. Rc3+ {[%clk 0:46:45]} Kd6
{[%clk 0:24:30]} 29. Ke3 {[%clk 0:47:03]} Re4+ {[%clk 0:23:31]} 30. Kd3
{[%clk 0:47:27]} Rf4 {[%clk 0:20:14]} 31. Ke3 {[%clk 0:47:52]} Re4+
{[%clk 0:20:40]} 32. Kd3 {[%clk 0:48:22]} Rf4 {[%clk 0:20:58]}
1/2-1/2

[Event "Ch France 2018 - Accession"]
[Site "?"]
[Date "2018.08.21"]
[Round "4.3"]
[White "Barseghyan, Harutyun"]
[Black "Joie, Sebastien"]
[Result "1/2-1/2"]
[BlackElo "2424"]
[WhiteElo "2474"]
[LiveChessVersion "1.4.4"]

1. d4 {[%clk 1:30:57]} d5 {[%clk 1:30:50]} 2. c4 {[%clk 1:31:20]} e6
{[%clk 1:31:15]} 3. Nf3 {[%clk 1:31:47]} c6 {[%clk 1:31:40]} 4. Qc2
{[%clk 1:28:44]} dxc4 {[%clk 1:31:59]} 5. Qxc4 {[%clk 1:28:12]} b5
{[%clk 1:32:23]} 6. Qb3 {[%clk 1:25:56]} Bb7 {[%clk 1:27:29]} 7. Bg5
{[%clk 1:25:01]} Qb6 {[%clk 1:27:08]} 8. e3 {[%clk 1:23:57]} Nd7 {[%clk 1:27:09]}
9. Nbd2 {[%clk 1:17:37]} Ngf6 {[%clk 1:25:12]} 10. Be2 {[%clk 1:14:18]} a6
{[%clk 1:16:50]} 11. a4 {[%clk 1:12:56]} Be7 {[%clk 1:17:05]} 12. O-O
{[%clk 1:12:08]} O-O {[%clk 1:17:29]} 13. Rfc1 {[%clk 1:06:42]} Rfc8
{[%clk 1:07:29]} 14. Ne5 {[%clk 1:04:57]} Qd8 {[%clk 1:01:09]} 15. Nxd7
{[%clk 1:04:15]} Nxd7 {[%clk 0:54:19]} 16. Bxe7 {[%clk 1:02:41]} Qxe7
{[%clk 0:54:48]} 17. Ne4 {[%clk 1:00:00]} e5 {[%clk 0:36:10]} 18. dxe5
{[%clk 0:54:21]} Nxe5 {[%clk 0:27:57]} 19. Nc5 {[%clk 0:53:33]} Rab8
{[%clk 0:18:53]} 20. Qb4 {[%clk 0:48:26]} Re8 {[%clk 0:17:49]} 21. a5
{[%clk 0:42:33]} Rbd8 {[%clk 0:17:16]} 22. Qc3 {[%clk 0:40:43]} Bc8
{[%clk 0:16:54]} 23. Rd1 {[%clk 0:40:05]} Kf8 {[%clk 0:11:06]} 24. b4
{[%clk 0:37:39]} f6 {[%clk 0:09:26]} 25. Rac1 {[%clk 0:36:47]} Rxd1+
{[%clk 0:09:21]} 26. Bxd1 {[%clk 0:33:43]} Rd8 {[%clk 0:09:38]} 27. Be2
{[%clk 0:34:07]} Qd6 {[%clk 0:08:37]} 28. f4 {[%clk 0:31:31]} Qd2
{[%clk 0:07:22]} 29. Qxd2 {[%clk 0:20:53]} Rxd2 {[%clk 0:07:50]} 30. Kf1
{[%clk 0:21:17]} Nf7 {[%clk 0:06:34]} 31. Nb3 {[%clk 0:14:25]} Rb2
{[%clk 0:03:39]} 32. Nd4 {[%clk 0:14:50]} Nd8 {[%clk 0:03:00]} 33. Bf3
{[%clk 0:07:04]} Rxb4 {[%clk 0:02:31]} 34. Nxc6 {[%clk 0:06:37]} Nxc6
{[%clk 0:03:00]} 35. Rxc6 {[%clk 0:07:05]} Bb7 {[%clk 0:00:40]} 36. Rb6
{[%clk 0:07:32]} Bxf3 {[%clk 0:01:07]} 37. gxf3 {[%clk 0:08:01]} Rb2
{[%clk 0:00:57]} 38. h4 {[%clk 0:07:20]} b4 {[%clk 0:01:20]} 39. Rxa6
{[%clk 0:07:42]} Ra2 {[%clk 0:01:47]} 40. Ra8+ {[%clk 0:06:25]} Kf7
{[%clk 0:02:16]} 41. a6 {[%clk 0:01:52]} Kg6 {[%clk 0:01:03]} 42. Rb8
{[%clk 0:30:24]} Rxa6 {[%clk 0:31:29]} 43. Rxb4 {[%clk 0:30:50]} Ra2
{[%clk 0:31:54]} 44. Kg1 {[%clk 0:30:54]} Re2 {[%clk 0:28:14]} 45. e4
{[%clk 0:30:05]} Ra2 {[%clk 0:24:15]} 46. Rb7 {[%clk 0:27:42]} Re2
{[%clk 0:21:23]} 47. Re7 {[%clk 0:27:27]} h5 {[%clk 0:19:17]} 48. f5+
{[%clk 0:27:20]} Kh7 {[%clk 0:19:03]} 49. Rd7 {[%clk 0:24:21]} Kg8
{[%clk 0:17:55]} 50. Rd8+ {[%clk 0:24:30]} Kf7 {[%clk 0:17:06]} 51. Rd7+
{[%clk 0:21:56]} Kf8 {[%clk 0:17:26]} 52. Rd1 {[%clk 0:21:48]} Ke7
{[%clk 0:17:34]} 53. Rf1 {[%clk 0:17:03]} Kf7 {[%clk 0:15:34]} 54. Rf2
{[%clk 0:17:31]} Re1+ {[%clk 0:15:57]} 55. Kg2 {[%clk 0:17:58]} g6
{[%clk 0:16:11]} 56. fxg6+ {[%clk 0:18:17]} Kxg6 {[%clk 0:16:40]} 57. Rd2
{[%clk 0:18:26]} Ra1 {[%clk 0:16:04]} 58. Rd6 {[%clk 0:18:43]} Ra5
{[%clk 0:16:10]} 59. Kg3 {[%clk 0:19:07]} Rb5 {[%clk 0:16:25]} 60. Kf4
{[%clk 0:19:04]} Ra5 {[%clk 0:16:47]} 61. Re6 {[%clk 0:19:03]} Kf7
{[%clk 0:16:15]} 62. Rd6 {[%clk 0:19:30]} Kg6 {[%clk 0:16:41]} 63. Rd8
{[%clk 0:19:53]} Rb5 {[%clk 0:16:20]} 64. Rg8+ {[%clk 0:20:21]} Kf7
{[%clk 0:16:45]} 65. Rg1 {[%clk 0:19:17]} Ra5 {[%clk 0:15:44]} 66. Rd1
{[%clk 0:19:42]} Kg6 {[%clk 0:15:29]} 67. Rd3 {[%clk 0:20:01]} Rb5
{[%clk 0:15:53]} 68. Ke3 {[%clk 0:20:26]} Rb1 {[%clk 0:16:04]} 69. f4
{[%clk 0:18:23]} Re1+ {[%clk 0:16:00]} 70. Kd4 {[%clk 0:16:44]} Rh1
{[%clk 0:11:59]} 71. f5+ {[%clk 0:16:25]} Kf7 {[%clk 0:11:26]} 72. Kd5
{[%clk 0:15:30]} Rxh4 {[%clk 0:11:32]} 73. Rb3 {[%clk 0:15:44]} Kg7
{[%clk 0:11:40]} 74. e5 {[%clk 0:11:57]} fxe5 {[%clk 0:11:33]} 75. Ke6
{[%clk 0:11:50]} Rf4 {[%clk 0:11:03]} 76. Rg3+ {[%clk 0:09:10]} Kh6
{[%clk 0:08:02]} 77. f6 {[%clk 0:09:03]} h4 {[%clk 0:07:08]} 78. Rg8
{[%clk 0:09:22]} e4 {[%clk 0:06:41]} 79. f7 {[%clk 0:07:09]} e3 {[%clk 0:04:17]}
80. f8=Q+ {[%clk 0:07:19]} Rxf8 {[%clk 0:04:44]} 81. Rxf8 {[%clk 0:07:48]} Kg5
{[%clk 0:04:36]} 82. Ke5 {[%clk 0:05:11]} Kg4 {[%clk 0:05:05]} 83. Ke4
{[%clk 0:05:31]} e2 {[%clk 0:05:20]} 84. Rg8+ {[%clk 0:05:59]} Kh3
{[%clk 0:05:46]} 85. Rg1 {[%clk 0:06:23]} Kh2 {[%clk 0:06:06]} 86. Re1
{[%clk 0:06:51]} Kg3 {[%clk 0:04:53]} 87. Rxe2 {[%clk 0:02:50]} h3
{[%clk 0:05:18]} 88. Re3+ {[%clk 0:02:56]} Kg2 {[%clk 0:05:41]} 89. Kf4
{[%clk 0:02:51]} h2 {[%clk 0:06:09]} 90. Re2+ {[%clk 0:02:20]} Kh3
{[%clk 0:06:34]} 91. Re1 {[%clk 0:02:00]} Kg2 {[%clk 0:06:59]} 92. Re2+
{[%clk 0:01:54]} Kh3 {[%clk 0:07:24]} 93. Ke4 1/2-1/2

[Event "Ch France 2018 - Accession"]
[Site "?"]
[Date "2018.08.21"]
[Round "4.4"]
[White "Fruchard, Cyrille"]
[Black "Velten, Paul"]
[Result "1/2-1/2"]
[BlackElo "2464"]
[WhiteElo "2240"]
[LiveChessVersion "1.4.4"]

1. d4 {[%clk 1:30:58]} Nf6 {[%clk 1:30:46]} 2. c4 {[%clk 1:31:21]} e6
{[%clk 1:30:55]} 3. Nc3 {[%clk 1:31:34]} Bb4 {[%clk 1:31:04]} 4. e3
{[%clk 1:31:40]} O-O {[%clk 1:29:30]} 5. Nge2 {[%clk 1:31:46]} Re8
{[%clk 1:29:16]} 6. a3 {[%clk 1:30:50]} Bf8 {[%clk 1:29:33]} 7. e4
{[%clk 1:29:52]} d6 {[%clk 1:29:28]} 8. f3 {[%clk 1:28:24]} a6 {[%clk 1:27:31]}
9. Be3 {[%clk 1:26:00]} Nbd7 {[%clk 1:25:08]} 10. Ng3 {[%clk 1:22:43]} c5
{[%clk 1:23:00]} 11. Be2 {[%clk 1:20:22]} cxd4 {[%clk 1:14:57]} 12. Bxd4
{[%clk 1:18:01]} b6 {[%clk 1:14:21]} 13. O-O {[%clk 1:17:06]} Bb7
{[%clk 1:14:39]} 14. Qc2 {[%clk 1:06:23]} Qc7 {[%clk 1:13:29]} 15. Rac1
{[%clk 1:01:12]} Rac8 {[%clk 1:10:10]} 16. Rfd1 {[%clk 0:51:36]} Qb8
{[%clk 1:02:42]} 17. Bf1 {[%clk 0:50:13]} Bc6 {[%clk 0:53:50]} 18. Qf2
{[%clk 0:44:51]} Be7 {[%clk 0:53:10]} 19. Kh1 {[%clk 0:38:26]} Bd8
{[%clk 0:45:33]} 20. Be3 {[%clk 0:37:38]} Ne5 {[%clk 0:44:05]} 21. b3
{[%clk 0:33:02]} Bc7 {[%clk 0:42:14]} 22. Nge2 {[%clk 0:32:13]} Rcd8
{[%clk 0:42:31]} 23. Nd4 {[%clk 0:31:55]} Bb7 {[%clk 0:41:20]} 24. Nc2
{[%clk 0:30:33]} Ned7 {[%clk 0:38:25]} 25. Qg1 {[%clk 0:25:37]} h6
{[%clk 0:37:22]} 26. b4 {[%clk 0:24:30]} Rc8 {[%clk 0:35:17]} 27. Nd4
{[%clk 0:22:50]} Qa8 {[%clk 0:25:01]} 28. Nb3 {[%clk 0:19:46]} Qb8
{[%clk 0:23:02]} 29. Bd4 {[%clk 0:17:55]} Re7 {[%clk 0:18:12]} 30. a4
{[%clk 0:17:45]} Qa8 {[%clk 0:16:26]} 31. Ra1 {[%clk 0:17:27]} Ne5
{[%clk 0:11:59]} 32. a5 {[%clk 0:16:05]} bxa5 {[%clk 0:12:21]} 33. Bxe5
{[%clk 0:16:11]} dxe5 {[%clk 0:12:43]} 34. Nxa5 {[%clk 0:16:26]} Rb8
{[%clk 0:12:27]} 35. c5 {[%clk 0:15:44]} Bc8 {[%clk 0:12:48]} 36. Rdb1
{[%clk 0:12:48]} Bd8 {[%clk 0:11:28]} 37. Bc4 {[%clk 0:12:08]} Rd7
{[%clk 0:11:07]} 38. Ne2 {[%clk 0:11:10]} Ne8 {[%clk 0:09:52]} 39. Qc1
{[%clk 0:10:56]} Nc7 {[%clk 0:09:19]} 40. Qc3 {[%clk 0:09:58]} Bf6
{[%clk 0:06:38]} 41. Rd1 {[%clk 0:07:57]} Kf8 {[%clk 0:06:03]} 42. Qa3
{[%clk 0:06:01]} Ke8 {[%clk 0:04:33]} 43. Qa4 {[%clk 0:03:22]} Nb5
{[%clk 0:04:34]} 44. Bxb5 {[%clk 0:02:56]} axb5 {[%clk 0:04:38]} 45. Qc2
{[%clk 0:02:50]} Qa6 {[%clk 0:01:24]} 46. Rxd7 {[%clk 0:27:59]} Bxd7
{[%clk 0:31:19]} 47. Nb3 {[%clk 0:25:40]} Qc8 {[%clk 0:31:02]} 48. Ra7
{[%clk 0:23:46]} Bd8 {[%clk 0:29:49]} 49. Qa2 {[%clk 0:22:52]} Bc6
{[%clk 0:24:27]} 50. Nc3 {[%clk 0:22:04]} h5 {[%clk 0:18:02]} 51. Kg1
{[%clk 0:21:14]} Bg5 {[%clk 0:17:53]} 52. Kf2 {[%clk 0:20:00]} Kf8
{[%clk 0:14:49]} 53. Qa6 {[%clk 0:18:43]} Be8 {[%clk 0:07:35]} 54. Qxc8
{[%clk 0:17:59]} Rxc8 {[%clk 0:07:57]} 55. Ke2 {[%clk 0:18:01]} h4
{[%clk 0:08:17]} 56. Na5 {[%clk 0:13:40]} Rd8 {[%clk 0:08:08]} 57. Nb3
{[%clk 0:09:57]} 1/2-1/2

[Event "Ch France 2018 - Accession"]
[Site "?"]
[Date "2018.08.22"]
[Round "5.1"]
[White "Bailet, Pierre"]
[Black "Riff, Jean-Noel"]
[Result "1/2-1/2"]
[BlackElo "2510"]
[WhiteElo "2496"]
[LiveChessVersion "1.4.4"]

1. e4 {[%clk 1:30:17]} c5 {[%clk 1:30:47]} 2. Nf3 {[%clk 1:30:36]} d6
{[%clk 1:31:11]} 3. d4 {[%clk 1:29:16]} cxd4 {[%clk 1:31:28]} 4. Nxd4
{[%clk 1:29:40]} Nf6 {[%clk 1:31:54]} 5. Nc3 {[%clk 1:29:59]} a6 {[%clk 1:30:53]}
6. Bg5 {[%clk 1:27:46]} e6 {[%clk 1:29:37]} 7. f4 {[%clk 1:28:04]} h6
{[%clk 1:27:15]} 8. Bh4 {[%clk 1:27:23]} Qb6 {[%clk 1:27:39]} 9. Qd2
{[%clk 1:19:57]} Qxb2 {[%clk 1:27:51]} 10. Rb1 {[%clk 1:20:16]} Qa3
{[%clk 1:28:16]} 11. f5 {[%clk 1:16:29]} Be7 {[%clk 1:24:13]} 12. fxe6
{[%clk 1:15:49]} fxe6 {[%clk 1:22:17]} 13. Bc4 {[%clk 1:14:44]} Nxe4
{[%clk 1:19:43]} 14. Nxe4 {[%clk 1:13:43]} Bxh4+ {[%clk 1:20:02]} 15. g3
{[%clk 1:14:05]} Bg5 {[%clk 1:20:11]} 16. Nxg5 {[%clk 1:11:39]} hxg5
{[%clk 1:20:36]} 17. Nxe6 {[%clk 1:11:04]} Bxe6 {[%clk 1:20:56]} 18. Bxe6
{[%clk 1:11:28]} Qxg3+ {[%clk 1:20:42]} 19. hxg3 {[%clk 1:11:23]} Rxh1+
{[%clk 1:21:05]} 20. Ke2 {[%clk 1:11:47]} Rh2+ {[%clk 1:21:21]} 21. Ke1
{[%clk 1:11:14]} Rh1+ {[%clk 1:20:20]} 22. Ke2 {[%clk 1:11:04]} Rh2+
{[%clk 1:20:46]} 23. Ke1 {[%clk 1:11:02]} 1/2-1/2

[Event "Ch France 2018 - Accession"]
[Site "?"]
[Date "2018.08.22"]
[Round "5.2"]
[White "Bujisho, Benjamin"]
[Black "Lagarde, Maxime"]
[Result "0-1"]
[BlackElo "2607"]
[WhiteElo "2334"]
[LiveChessVersion "1.4.4"]

1. e4 {[%clk 1:30:56]} c5 {[%clk 1:30:53]} 2. Nf3 {[%clk 1:30:49]} Nc6
{[%clk 1:31:19]} 3. Bb5 {[%clk 1:30:45]} e6 {[%clk 1:31:06]} 4. O-O
{[%clk 1:30:55]} Nge7 {[%clk 1:31:32]} 5. Ba4 {[%clk 1:30:08]} a6
{[%clk 1:27:20]} 6. c4 {[%clk 1:30:08]} g6 {[%clk 1:22:00]} 7. d4
{[%clk 1:26:19]} cxd4 {[%clk 1:22:25]} 8. Nxd4 {[%clk 1:26:10]} Bg7
{[%clk 1:21:45]} 9. Be3 {[%clk 1:17:59]} Ne5 {[%clk 1:20:18]} 10. Nd2
{[%clk 1:10:59]} O-O {[%clk 1:18:33]} 11. f4 {[%clk 1:07:39]} Nd3
{[%clk 1:17:59]} 12. f5 {[%clk 0:57:30]} exf5 {[%clk 1:11:09]} 13. exf5
{[%clk 0:56:29]} Nc6 {[%clk 1:11:22]} 14. f6 {[%clk 0:46:20]} Re8
{[%clk 1:08:49]} 15. Ne4 {[%clk 0:35:45]} Nxb2 {[%clk 1:00:38]} 16. Qf3
{[%clk 0:28:30]} Ne5 {[%clk 0:53:27]} 17. Qg3 {[%clk 0:24:33]} Bf8
{[%clk 0:52:12]} 18. Qh4 {[%clk 0:13:40]} Nxa4 {[%clk 0:45:52]} 19. Rf5
{[%clk 0:00:55]} d5 {[%clk 0:43:52]} 20. Raf1 {[%clk 0:00:33]} dxe4
{[%clk 0:43:28]} 21. Rh5 {[%clk 0:00:56]} gxh5 {[%clk 0:43:33]} 0-1

[Event "Ch France 2018 - Accession"]
[Site "?"]
[Date "2018.08.22"]
[Round "5.3"]
[White "Velten, Paul"]
[Black "Meunier, Clement"]
[Result "1-0"]
[BlackElo "2307"]
[WhiteElo "2464"]
[LiveChessVersion "1.4.4"]

1. Nf3 {[%clk 1:30:54]} Nf6 {[%clk 1:30:45]} 2. c4 {[%clk 1:31:07]} c5
{[%clk 1:30:47]} 3. Nc3 {[%clk 1:30:23]} Nc6 {[%clk 1:31:13]} 4. g3
{[%clk 1:30:17]} g6 {[%clk 1:31:31]} 5. Bg2 {[%clk 1:30:10]} Bg7 {[%clk 1:31:56]}
6. O-O {[%clk 1:30:21]} O-O {[%clk 1:32:22]} 7. d4 {[%clk 1:29:49]} d6
{[%clk 1:32:40]} 8. h3 {[%clk 1:17:58]} cxd4 {[%clk 1:25:59]} 9. Nxd4
{[%clk 1:18:21]} Nxd4 {[%clk 1:25:49]} 10. Qxd4 {[%clk 1:18:45]} Be6
{[%clk 1:25:41]} 11. Qh4 {[%clk 1:12:50]} Rc8 {[%clk 1:14:38]} 12. Nd5
{[%clk 1:02:58]} Bxd5 {[%clk 1:08:40]} 13. cxd5 {[%clk 1:03:22]} Qa5
{[%clk 1:07:28]} 14. e4 {[%clk 0:52:47]} Rc2 {[%clk 0:57:47]} 15. a3
{[%clk 0:52:35]} Qb5 {[%clk 0:53:21]} 16. Rb1 {[%clk 0:47:31]} Qb3
{[%clk 0:52:07]} 17. Qg5 {[%clk 0:34:33]} Rfc8 {[%clk 0:41:26]} 18. e5
{[%clk 0:32:25]} Qa2 {[%clk 0:34:40]} 19. Be3 {[%clk 0:27:48]} h6
{[%clk 0:31:06]} 20. Qh4 {[%clk 0:26:40]} Nxd5 {[%clk 0:30:04]} 21. Bxh6
{[%clk 0:26:31]} Bxe5 {[%clk 0:29:40]} 22. Be4 {[%clk 0:21:44]} Rxb2
{[%clk 0:21:47]} 23. Qg4 {[%clk 0:12:55]} Rc5 {[%clk 0:21:01]} 24. Bxg6
{[%clk 0:12:48]} fxg6 {[%clk 0:19:51]} 25. Qxg6+ {[%clk 0:13:13]} Kh8
{[%clk 0:20:19]} 26. Rbe1 {[%clk 0:13:36]} Re2 {[%clk 0:17:30]} 27. Bg7+
{[%clk 0:12:43]} Bxg7 {[%clk 0:17:54]} 28. Qh5+ {[%clk 0:13:09]} Kg8
{[%clk 0:18:18]} 29. Rxe2 {[%clk 0:13:37]} Qc4 {[%clk 0:17:09]} 30. Qe8+
{[%clk 0:13:45]} Kh7 {[%clk 0:17:03]} 31. Qh5+ {[%clk 0:14:07]} Kg8
{[%clk 0:17:28]} 32. Qe8+ {[%clk 0:13:39]} Kh7 {[%clk 0:15:30]} 33. Rfe1
{[%clk 0:09:11]} Rc8 {[%clk 0:06:18]} 34. Qh5+ {[%clk 0:09:29]} Kg8
{[%clk 0:06:43]} 35. Re4 {[%clk 0:08:02]} Qa2 {[%clk 0:05:02]} 36. Qg6
{[%clk 0:07:56]} Rf8 {[%clk 0:04:45]} 37. Qe6+ {[%clk 0:08:21]} Rf7
{[%clk 0:05:10]} 38. Rf4 {[%clk 0:08:32]} Bf6 {[%clk 0:05:11]} 39. Rc1
{[%clk 0:08:34]} Nc3 {[%clk 0:04:25]} 40. Qxa2 {[%clk 0:00:43]} Nxa2
{[%clk 0:04:51]} 41. Rc2 {[%clk 0:00:36]} Nc3 {[%clk 0:03:08]} 42. Rxf6
{[%clk 0:00:47]} Rxf6 {[%clk 0:25:36]} 43. Rxc3 {[%clk 0:31:11]} e5
{[%clk 0:25:27]} 44. h4 {[%clk 0:30:36]} Rf7 {[%clk 0:21:41]} 45. Kg2
{[%clk 0:20:23]} Kg7 {[%clk 0:20:57]} 46. Rd3 {[%clk 0:19:43]} Rd7
{[%clk 0:20:49]} 47. f4 {[%clk 0:19:39]} exf4 {[%clk 0:20:12]} 48. g4
{[%clk 0:19:48]} Kf6 {[%clk 0:18:40]} 49. Kf3 {[%clk 0:19:43]} Ke5
{[%clk 0:18:18]} 50. Rd1 {[%clk 0:19:56]} Rc7 {[%clk 0:06:58]} 51. Re1+
{[%clk 0:19:16]} Kf6 {[%clk 0:07:24]} 52. Re4 {[%clk 0:14:16]} Rc3+
{[%clk 0:07:24]} 53. Kxf4 {[%clk 0:14:37]} Rxa3 {[%clk 0:07:08]} 54. g5+
{[%clk 0:14:03]} Kf7 {[%clk 0:07:26]} 55. Rd4 {[%clk 0:11:34]} Ke6
{[%clk 0:06:35]} 56. h5 {[%clk 0:10:26]} Ra1 {[%clk 0:04:54]} 57. h6
{[%clk 0:06:11]} Rh1 {[%clk 0:04:25]} 58. Kg4 {[%clk 0:06:18]} b5
{[%clk 0:03:51]} 59. Re4+ {[%clk 0:06:20]} Kf7 {[%clk 0:04:06]} 60. Rf4+
{[%clk 0:06:45]} Ke7 {[%clk 0:03:58]} 61. Kf5 {[%clk 0:07:04]} Kf7
{[%clk 0:01:36]} 62. g6+ {[%clk 0:06:58]} Kg8 {[%clk 0:01:44]} 63. Kg5
{[%clk 0:07:07]} Rg1+ {[%clk 0:01:09]} 64. Kf6 {[%clk 0:07:32]} a5
{[%clk 0:00:50]} 65. Rf5 {[%clk 0:06:23]} d5 {[%clk 0:00:39]} 66. Rxd5
{[%clk 0:06:47]} Rf1+ {[%clk 0:01:05]} 67. Ke5 {[%clk 0:06:44]} Re1+
{[%clk 0:00:43]} 68. Kf6 {[%clk 0:05:47]} Rf1+ {[%clk 0:01:08]} 69. Rf5
{[%clk 0:05:32]} Rg1 {[%clk 0:00:43]} 70. Rxb5 {[%clk 0:05:50]} Rf1+
{[%clk 0:00:53]} 71. Rf5 {[%clk 0:06:05]} Rg1 {[%clk 0:00:53]} 72. Rxa5
{[%clk 0:06:26]} Rf1+ {[%clk 0:01:18]} 73. Ke5 {[%clk 0:05:38]} Re1+
{[%clk 0:01:43]} 74. Kf4 {[%clk 0:05:48]} Rf1+ {[%clk 0:02:11]} 75. Ke3
{[%clk 0:06:09]} Re1+ {[%clk 0:02:21]} 76. Kf2 {[%clk 0:06:28]} Re8
{[%clk 0:02:48]} 77. Kf3 {[%clk 0:06:48]} Kh8 {[%clk 0:02:03]} 78. Kf4
{[%clk 0:07:07]} 1-0

[Event "Ch France 2018 - Accession"]
[Site "?"]
[Date "2018.08.22"]
[Round "5.4"]
[White "Monroy, Charles"]
[Black "Calistri, Tristan"]
[Result "1-0"]
[BlackElo "2303"]
[WhiteElo "2428"]
[LiveChessVersion "1.4.4"]

1. e4 {[%clk 1:30:56]} g6 {[%clk 1:30:16]} 2. d4 {[%clk 1:31:18]} Bg7
{[%clk 1:30:40]} 3. Nf3 {[%clk 1:31:21]} d6 {[%clk 1:30:12]} 4. Bc4
{[%clk 1:31:32]} e6 {[%clk 1:23:22]} 5. Bb3 {[%clk 1:31:34]} b6 {[%clk 1:17:10]}
6. O-O {[%clk 1:30:19]} Bb7 {[%clk 1:15:28]} 7. Re1 {[%clk 1:30:14]} Nd7
{[%clk 1:12:12]} 8. Nbd2 {[%clk 1:30:26]} Ne7 {[%clk 1:10:39]} 9. Nf1
{[%clk 1:30:20]} O-O {[%clk 0:55:48]} 10. Ng3 {[%clk 1:28:15]} c5
{[%clk 0:50:44]} 11. c3 {[%clk 1:27:39]} Qc7 {[%clk 0:50:54]} 12. h4
{[%clk 1:26:01]} e5 {[%clk 0:45:56]} 13. h5 {[%clk 1:22:55]} Rad8
{[%clk 0:26:54]} 14. Bg5 {[%clk 1:17:08]} Nf6 {[%clk 0:22:08]} 15. Qe2
{[%clk 1:11:14]} Rde8 {[%clk 0:18:13]} 16. dxe5 {[%clk 0:50:03]} dxe5
{[%clk 0:16:54]} 17. Rad1 {[%clk 0:48:00]} Nc6 {[%clk 0:07:06]} 18. Nh4
{[%clk 0:43:27]} Na5 {[%clk 0:06:21]} 19. hxg6 {[%clk 0:42:07]} 1-0

[Event "Ch France 2018 - Accession"]
[Site "?"]
[Date "2018.08.23"]
[Round "6.1"]
[White "Lagarde, Maxime"]
[Black "Monroy, Charles"]
[Result "1/2-1/2"]
[BlackElo "2428"]
[WhiteElo "2607"]
[LiveChessVersion "1.4.4"]

1. e4 {[%clk 1:30:32]} e5 {[%clk 1:30:44]} 2. Bc4 {[%clk 1:30:12]} Nf6
{[%clk 1:30:54]} 3. d3 {[%clk 1:30:38]} Nc6 {[%clk 1:29:56]} 4. Nf3
{[%clk 1:30:50]} Be7 {[%clk 1:30:13]} 5. a4 {[%clk 1:30:52]} O-O {[%clk 1:28:52]}
6. O-O {[%clk 1:30:25]} d5 {[%clk 1:28:14]} 7. exd5 {[%clk 1:30:50]} Nxd5
{[%clk 1:28:41]} 8. a5 {[%clk 1:29:35]} Bg4 {[%clk 1:25:33]} 9. c3
{[%clk 1:26:46]} Qd6 {[%clk 1:21:07]} 10. h3 {[%clk 1:18:23]} Bh5
{[%clk 1:19:01]} 11. Nbd2 {[%clk 1:17:09]} Rad8 {[%clk 1:13:57]} 12. Ne4
{[%clk 1:15:06]} Qd7 {[%clk 1:11:03]} 13. Nxe5 {[%clk 1:09:32]} Nxe5
{[%clk 0:52:43]} 14. Qxh5 {[%clk 1:09:57]} Nxc4 {[%clk 0:53:04]} 15. dxc4
{[%clk 1:10:01]} Nf6 {[%clk 0:53:25]} 16. Nxf6+ {[%clk 1:09:10]} Bxf6
{[%clk 0:53:52]} 17. Qf3 {[%clk 1:00:42]} Qc8 {[%clk 0:46:45]} 18. a6
{[%clk 0:54:10]} bxa6 {[%clk 0:46:31]} 19. Bf4 {[%clk 0:53:32]} Rfe8
{[%clk 0:42:04]} 20. Ra5 {[%clk 0:51:10]} Qb8 {[%clk 0:37:03]} 21. b4
{[%clk 0:43:32]} Qa8 {[%clk 0:34:34]} 22. Qxa8 {[%clk 0:38:04]} Rxa8
{[%clk 0:34:58]} 23. Rxa6 {[%clk 0:18:00]} Re4 {[%clk 0:34:39]} 24. Bxc7
{[%clk 0:15:51]} Rxc4 {[%clk 0:32:20]} 25. Bd6 {[%clk 0:15:28]} Bxc3
{[%clk 0:20:10]} 26. Rc1 {[%clk 0:15:45]} Rd8 {[%clk 0:18:54]} 27. Rxa7
{[%clk 0:14:01]} h6 {[%clk 0:16:49]} 28. Rc7 {[%clk 0:11:45]} Rd4
{[%clk 0:15:25]} 29. R1xc3 {[%clk 0:11:29]} R8xd6 {[%clk 0:15:39]} 30. Rf3
{[%clk 0:06:53]} Rxb4 {[%clk 0:09:53]} 31. Rfxf7 {[%clk 0:06:42]} Rg6
{[%clk 0:10:17]} 32. g3 {[%clk 0:06:45]} Rbb6 {[%clk 0:10:19]} 33. Kg2
{[%clk 0:05:39]} Rbf6 {[%clk 0:10:31]} 34. Rfd7 {[%clk 0:05:43]} Rd6
{[%clk 0:10:48]} 35. Rc8+ {[%clk 0:06:02]} Kh7 {[%clk 0:11:16]} 36. Rdc7
{[%clk 0:06:19]} Rgf6 {[%clk 0:11:06]} 37. Rc2 {[%clk 0:06:37]} Rd3
{[%clk 0:11:17]} 38. h4 {[%clk 0:04:52]} Rdf3 {[%clk 0:07:27]} 39. h5
{[%clk 0:04:57]} R3f5 {[%clk 0:07:13]} 40. g4 {[%clk 0:03:27]} Rf4
{[%clk 0:07:38]} 41. R8c4 {[%clk 0:03:36]} Rxc4 {[%clk 0:07:32]} 42. Rxc4
{[%clk 0:04:02]} Ra6 {[%clk 0:03:34]} 43. Rc8 {[%clk 0:04:02]} Ra4
{[%clk 0:03:23]} 44. Kg3 {[%clk 0:04:24]} Rb4 {[%clk 0:03:32]} 45. Re8
{[%clk 0:04:46]} Ra4 {[%clk 0:03:35]} 46. f3 {[%clk 0:04:10]} Rb4
{[%clk 0:03:57]} 47. Re4 {[%clk 0:04:22]} Rb3 {[%clk 0:04:03]} 48. Rc4
{[%clk 0:04:46]} Kg8 {[%clk 0:02:30]} 49. Kf4 {[%clk 0:05:11]} Kf7
{[%clk 0:02:42]} 50. Ke4 {[%clk 0:05:36]} Ra3 {[%clk 0:02:38]} 51. Rc5
{[%clk 0:05:29]} Kf6 {[%clk 0:27:48]} 52. Rc6+ {[%clk 0:35:36]} Kf7
{[%clk 0:28:08]} 53. Rd6 {[%clk 0:36:03]} Rb3 {[%clk 0:28:16]} 54. f4
{[%clk 0:36:16]} Ke7 {[%clk 0:26:44]} 55. Rc6 {[%clk 0:34:17]} Rb5
{[%clk 0:26:01]} 56. Kd4 {[%clk 0:33:23]} Rb1 {[%clk 0:24:50]} 57. Kd5
{[%clk 0:32:01]} Re1 {[%clk 0:23:01]} 58. Rc5 {[%clk 0:27:40]} Re2
{[%clk 0:21:42]} 59. Rc4 {[%clk 0:25:15]} Kf6 {[%clk 0:20:57]} 60. Rc6+
{[%clk 0:25:21]} Ke7 {[%clk 0:20:29]} 61. Rb6 {[%clk 0:25:22]} Kf7
{[%clk 0:18:44]} 62. g5 {[%clk 0:24:54]} hxg5 {[%clk 0:18:15]} 63. fxg5
{[%clk 0:25:20]} Re1 {[%clk 0:13:29]} 64. g6+ {[%clk 0:24:45]} Ke7
{[%clk 0:13:10]} 65. Rb7+ {[%clk 0:24:27]} Kf6 {[%clk 0:13:12]} 66. Rf7+
{[%clk 0:23:10]} Kg5 {[%clk 0:13:32]} 67. Rxg7 {[%clk 0:23:25]} Kxh5
{[%clk 0:13:57]} 68. Rg8 {[%clk 0:23:40]} Kh6 {[%clk 0:14:05]} 69. Ke4 1/2-1/2